Etica e innovación tecnológica

Збережено в:
Бібліографічні деталі
Автор: Lolas Stepke, Fernando (autor)
Формат: Книга
Мова:Іспанська
Опубліковано: Santiago CIEB 2006
Santiago Universidad de Chile 2006
Редагування:1a. ed
Предмети:
Теги: Додати тег
Немає тегів, Будьте першим, хто поставить тег для цього запису!

MARC

LEADER 00000cam a2200000 a 4500
001 UCJ9749
003 CL-VaPUC
008 070405e20060000cl |||||||||||||||||spa|d
020 |a 9561905485 
082 0 4 |a 174.957  |b LOL  |2 21 
100 |a Lolas Stepke, Fernando  |e autor  |9 552726 
245 1 0 |a Etica e innovación tecnológica 
250 |a 1a. ed 
300 |a 252 p 
942 |c BK 
945 |d 20070405 00:00:00  |a cmena 
260 |a Santiago  |b CIEB  |c 2006 
260 |a Santiago  |b Universidad de Chile  |c 2006 
650 0 |a Bioética  |9 256117 
650 7 |a DESARROLLO TECNOLOGICO  |2 CL-VaPUC  |9 259800 
650 0 |a Cambio social   |9 256857 
650 0 |a Manipulación genética  |9 373579 
650 0 |a Propiedad intelectual  |9 256126 
650 0 |a Atención médica  |9 337119 
583 |a last modification  |c 20130822 02:41:22  |k Rodrigo Vera 
999 |c 325158  |d 325156 
952 |0 0  |1 0  |4 0  |6 174_957000000000000_LOL_2006_2006  |7 0  |8 A  |9 405767  |a BIBTEO  |b BIBTEO  |d 2019-11-22  |i 4326075  |o 174.957 LOL 2006 2006  |p 4326075  |r 2025-01-17  |w 2019-11-22  |y BK  |k ICR 
952 |0 0  |1 0  |4 0  |6 174_957000000000000_LOL_2006_2006  |7 0  |8 A  |9 405768  |a BIBCUR  |b BIBCUR  |d 2019-11-22  |i 4326253  |o 174.957 LOL 2006 2006  |p 4326253  |r 2025-04-22  |w 2019-11-22  |y BK  |k BCB